[Event "DEN-chT 0506"]
[Site "Denmark"]
[Date "2005.11.06"]
[Round "2.3"]
[White "Andreasen, Henrik"]
[Black "Ochsner, Thomas"]
[Result "1-0"]
[WhiteElo "2125"]
[BlackElo "2347"]
[PlyCount "75"]
[EventDate "2005.11.05"]
[EventType "team-tourn"]
[EventRounds "9"]
[EventCountry "DEN"]
[SourceTitle "EXT 2023"]
[Source "ChessBase"]
[SourceDate "2022.10.05"]
[SourceVersion "1"]
[SourceVersionDate "2022.10.05"]
[SourceQuality "1"]
[WhiteTeam "Foroyar"]
[BlackTeam "Skolerne"]
[WhiteTeamCountry "DEN"]
[BlackTeamCountry "DEN"]

1. d4 Nf6 2. c4 e6 3. Nf3 b6 4. a3 Bb7 5. Nc3 d5 6. Qc2 Nbd7 7. Bf4 a6 8. e3 Be7 9. Bd3 dxc4 10. Bxc4 b5 11. Ba2 c5 12. Rd1 cxd4 13. Nxd4 e5 14. Bxf7+ Kxf7 15. Qb3+ Kg6 16. Qc2+ e4 17. f3 Qa5 18. Nb3 Qb6 19. fxe4 Nc5 20. e5+ Nfe4 21. Nxc5 Qxc5 22. Rd4 Kf7 23. Rxe4 Bxe4 24. Qxe4 Qc4 25. Qxc4+ bxc4 26. Kd2 Ke6 27. e4 Rhf8 28. Nd5 Rab8 29. Kc2 g5 30. Bg3 h5 31. Nc7+ Kd7 32. e6+ Kc6 33. Nd5 Bd6 34. e7 Rfe8 35. Rd1 Bxe7 36. Nxe7+ Rxe7 37. Bxb8 Rxe4 38. Rd2 1-0

[Event "DEN-chT 0506"]
[Site "Denmark"]
[Date "2005.11.05"]
[Round "1.3"]
[White "Sorensen, Bent"]
[Black "Andreasen, Henrik"]
[Result "0-1"]
[WhiteElo "2262"]
[BlackElo "2125"]
[PlyCount "48"]
[EventDate "2005.11.05"]
[EventType "team-tourn"]
[EventRounds "9"]
[EventCountry "DEN"]
[SourceTitle "EXT 2023"]
[Source "ChessBase"]
[SourceDate "2022.10.05"]
[SourceVersion "1"]
[SourceVersionDate "2022.10.05"]
[SourceQuality "1"]
[WhiteTeam "Norresundby"]
[BlackTeam "Foroyar"]
[WhiteTeamCountry "DEN"]
[BlackTeamCountry "DEN"]

1. Nf3 Nf6 2. g3 b6 3. Bg2 Bb7 4. 0-0 e6 5. c4 c5 6. d4 cxd4 7. Nxd4 Bxg2 8. Kxg2 Be7 9. b3 0-0 10. Bb2 d5 11. cxd5 Qxd5+ 12. f3 Rd8 13. Qc1 Qb7 14. Rd1 Na6 15. Nc3 Rac8 16. Qf4 Bd6 17. Qh4 Nb4 18. e4 Be5 19. Nce2 Qa6 20. Qg5 Bxd4 21. Bxd4 h6 22. Qe3 Nc2 23. Qf2 Nxa1 24. Rxa1 Qd3 0-1